[Event "4NCL/Div1a/GUI2 vs. SAMS"]
[Site "Sunningdale ENG"]
[Date "2009.01.17"]
[Round "5.1"]
[White "Flear, Glenn C"]
[Black "Rendle, Thomas E"]
[Result "1-0"]
[WhiteElo "2478"]
[BlackElo "2390"]
[PlyCount "51"]
[EventDate "2009.01.17"]
[SourceDate "2008.10.04"]

1. d4 f5 2. Nc3 Nf6 3. Bg5 d5 4. e3 e6 5. Nf3 Be7 6. Bd3 O-O 7. O-O Ne4 8. Bxe7
Qxe7 9. Ne2 b6 10. c4 Bb7 11. Rc1 c6 12. cxd5 exd5 13. Ne5 Rf6 14. Nf4 Nd7 15.
Nxd5 cxd5 16. Rc7 Bc8 17. Qb3 Rd6 18. Rfc1 Qf8 19. Qc2 Nxe5 20. dxe5 Rd8 21.
Qc6 Nc5 22. Qxa8 Ba6 23. Qxa7 Bxd3 24. Qxb6 Ne4 25. Rc8 Re8 26. Qc6 1-0

[Event "4NCL/Div1a/GUI2 vs. SAMS"]
[Site "Sunningdale ENG"]
[Date "2009.01.17"]
[Round "5.3"]
[White "Cherniaev, Alexander"]
[Black "Williams, Samuel G"]
[Result "1-0"]
[WhiteElo "2438"]
[BlackElo "2206"]
[PlyCount "77"]
[EventDate "2009.01.17"]
[SourceDate "2008.10.04"]

1. e4 c5 2. Nc3 Nc6 3. Bb5 Nd4 4. Bc4 e6 5. Nge2 Nf6 6. O-O a6 7. d3 b5 8. Bb3
Nxb3 9. axb3 Bb7 10. Bg5 d6 11. f4 Be7 12. Qe1 d5 13. e5 Ng4 14. Bxe7 Qxe7 15.
Qg3 h5 16. d4 Nh6 17. Qf2 Rc8 18. dxc5 Ng4 19. Qd4 Qxc5 20. b4 Qxd4+ 21. Nxd4
Rc4 22. Nce2 g6 23. c3 Ke7 24. h3 Ne3 25. Rf3 Nf5 26. g3 Ra8 27. g4 Ng7 28. Nc1
a5 29. b3 Rcc8 30. bxa5 Ba6 31. b4 hxg4 32. hxg4 Rh8 33. Nd3 Rh4 34. Nf2 f5 35.
exf6+ Kxf6 36. Re1 Re8 37. Re5 Re7 38. Rfe3 Kf7 39. Kg2 1-0

[Event "4NCL/Div1a/GUI2 vs. SAMS"]
[Site "Sunningdale ENG"]
[Date "2009.01.17"]
[Round "5.4"]
[White "Ruston, Mark R"]
[Black "Pert, Richard G"]
[Result "0-1"]
[WhiteElo "2097"]
[BlackElo "2456"]
[PlyCount "58"]
[EventDate "2009.01.17"]
[SourceDate "2008.10.04"]

1. e4 c5 2. Nc3 Nc6 3. g3 g6 4. Bg2 Bg7 5. d3 d6 6. Be3 Rb8 7. Qd2 b5 8. f4 b4
9. Nd1 Qb6 10. Nf3 f5 11. e5 dxe5 12. Qf2 exf4 13. Bxc5 Qc7 14. gxf4 Nf6 15.
Nd2 O-O 16. h3 Bb7 17. Nc4 Rfd8 18. O-O Nh5 19. Nde3 e6 20. Nd1 Ba8 21. Be3 Nd4
22. Rc1 Bxg2 23. Qxg2 Qd7 24. Ne5 Bxe5 25. fxe5 Nc6 26. Qf2 Rb5 27. Bg5 Rc8 28.
Ne3 Nxe5 29. d4 Nf7 0-1

[Event "4NCL/Div1a/GUI2 vs. SAMS"]
[Site "Sunningdale ENG"]
[Date "2009.01.17"]
[Round "5.5"]
[White "Tissir, Mohamed"]
[Black "Edgell, Ben P"]
[Result "1-0"]
[WhiteElo "2466"]
[BlackElo "2101"]
[PlyCount "61"]
[EventDate "2009.01.17"]
[SourceDate "2008.10.04"]

1. e4 e5 2. Nf3 Nc6 3. Bc4 Bc5 4. c3 Nf6 5. d3 a6 6. Nbd2 d6 7. Bb3 O-O 8. Nf1
h6 9. Ng3 Ba7 10. O-O Ne7 11. h3 Ng6 12. d4 c5 13. Re1 b5 14. Bc2 cxd4 15. cxd4
Bb7 16. Be3 Rc8 17. dxe5 Bxe3 18. exf6 Bxf2+ 19. Kxf2 Qxf6 20. Rb1 d5 21. Kg1
Qf4 22. Nh5 Qc7 23. Qd4 Qc5 24. Kh1 Qxd4 25. Nxd4 dxe4 26. Bxe4 Bxe4 27. Rxe4
Rfd8 28. b3 Rc5 29. Ng3 Rcd5 30. Nge2 Nf8 31. Rf1 1-0

[Event "4NCL/Div1a/GUI2 vs. SAMS"]
[Site "Sunningdale ENG"]
[Date "2009.01.17"]
[Round "5.6"]
[White "Purton, Ben J"]
[Black "Buckley, Graeme"]
[Result "1/2-1/2"]
[WhiteElo "2103"]
[BlackElo "2399"]
[PlyCount "95"]
[EventDate "2009.01.17"]
[SourceDate "2008.10.04"]

1. e4 Nf6 2. e5 Nd5 3. d4 d6 4. c4 Nb6 5. f4 g6 6. Nf3 Bg7 7. Be3 O-O 8. Nbd2
Be6 9. Bd3 d5 10. Ng5 Qd7 11. c5 Nc4 12. Nxc4 dxc4 13. Nxe6 Qxe6 14. Be4 Nd7
15. Qc2 Qa6 16. Bd5 Nb6 17. Bf3 Nd7 18. O-O Rab8 19. b3 b5 20. Rfc1 g5 21. fxg5
f6 22. exf6 exf6 23. g6 f5 24. gxh7+ Kxh7 25. bxc4 b4 26. Rab1 Qg6 27. Qf2 Nf6
28. Qh4+ Kg8 29. Qg5 Qxg5 30. Bxg5 Ne4 31. Be3 f4 32. Bf2 Nxf2 33. Kxf2 Bxd4+
34. Kf1 Bxc5 35. Rd1 Rbd8 36. Rxd8 Rxd8 37. Rd1 Rxd1+ 38. Bxd1 Kg7 39. Ke2 Kf6
40. Kd3 Ke5 41. Ba4 Bf2 42. Bd1 c5 43. Ba4 a5 44. Bd7 Bh4 45. Be8 Be1 46. Bd7
Bf2 47. Be8 Kf5 48. Bd7+ 1/2-1/2

[Event "4NCL/Div1a/GUI2 vs. SAMS"]
[Site "Sunningdale ENG"]
[Date "2009.01.17"]
[Round "5.7"]
[White "Muir, Andrew J"]
[Black "Varnam, Liam D"]
[Result "1/2-1/2"]
[WhiteElo "2354"]
[BlackElo "2109"]
[PlyCount "42"]
[EventDate "2009.01.17"]
[SourceDate "2008.10.04"]

1. d4 d5 2. c4 Nc6 3. Nc3 dxc4 4. Nf3 e6 5. e4 Nf6 6. Bxc4 Be7 7. O-O O-O 8.
Bf4 a6 9. d5 exd5 10. Nxd5 Nxd5 11. Bxd5 Nb4 12. a3 Nxd5 13. exd5 Bg4 14. Qb3
Bxf3 15. Qxf3 Bd6 16. Rac1 Bxf4 17. Qxf4 Qxd5 18. Qxc7 Rad8 19. Rc2 Rd7 20. Qc3
Re8 21. h3 h6 1/2-1/2

[Event "4NCL/Div1a/GUI2 vs. SAMS"]
[Site "Sunningdale ENG"]
[Date "2009.01.17"]
[Round "5.8"]
[White "Linford, Charles"]
[Black "Sandu, Mihaela"]
[Result "1/2-1/2"]
[WhiteElo "2119"]
[BlackElo "2285"]
[PlyCount "50"]
[EventDate "2009.01.17"]
[SourceDate "2008.10.04"]

1. e4 c5 2. Nf3 d6 3. d4 cxd4 4. Nxd4 Nf6 5. Nc3 e6 6. g4 a6 7. g5 Nfd7 8. h4
b5 9. a3 Bb7 10. h5 Nc6 11. Be3 Nc5 12. Nxc6 Bxc6 13. Qf3 Qc7 14. O-O-O Qb7 15.
Rh4 b4 16. axb4 Qxb4 17. g6 f5 18. Bd4 Be7 19. Bxg7 Bxh4 20. Rxd6 Bg5+ 21. Kb1
Rb8 22. Nd1 Nxe4 23. Rxe6+ Kd7 24. Qxf5 Nd2+ 25. Kc1 Nb3+ 1/2-1/2

[Event "4NCL/Div1a/CAMB1 vs. BAR1"]
[Site "Sunningdale ENG"]
[Date "2009.01.17"]
[Round "5.1"]
[White "Mah, Karl C C"]
[Black "Turner, Matthew J"]
[Result "1/2-1/2"]
[WhiteElo "2404"]
[BlackElo "2512"]
[PlyCount "24"]
[EventDate "2009.01.17"]
[SourceDate "2008.10.04"]

1. d4 Nf6 2. Nf3 e6 3. c4 b6 4. g3 Ba6 5. b3 Bb4+ 6. Bd2 Be7 7. Bg2 c6 8. O-O
O-O 9. Ne5 d5 10. Bc3 Nfd7 11. Nxd7 Nxd7 12. Nd2 Rc8 1/2-1/2

[Event "4NCL/Div1a/CAMB1 vs. BAR1"]
[Site "Sunningdale ENG"]
[Date "2009.01.17"]
[Round "5.2"]
[White "D'Costa, Lorin A R"]
[Black "Pinter, Gabor"]
[Result "1-0"]
[WhiteElo "2445"]
[BlackElo "2355"]
[PlyCount "125"]
[EventDate "2009.01.17"]
[SourceDate "2008.10.04"]

1. e4 c5 2. Nf3 e6 3. d4 cxd4 4. Nxd4 Nf6 5. Nc3 d6 6. g4 a6 7. g5 Nfd7 8. Be3
b5 9. Bg2 Nb6 10. O-O Bb7 11. f4 b4 12. f5 e5 13. Ne6 fxe6 14. Qh5+ Kd7 15.
fxe6+ Kc8 16. Nd5 Bxd5 17. exd5 Be7 18. Rf7 Nc4 19. Bf2 e4 20. Rf4 Ne5 21. Rxe4
a5 22. a3 Ra6 23. Qe2 Rf8 24. Bd4 Rb6 25. Bxe5 dxe5 26. Rc4+ Nc6 27. axb4 Bxb4
28. c3 Bd6 29. Rxa5 Qxg5 30. Ra1 e4 31. Qxe4 Rf4 32. Qe2 Rxc4 33. Qxc4 Qe3+ 34.
Kf1 Bc5 35. Ra8+ Nb8 36. Qh4 Qg1+ 37. Ke2 Rxb2+ 38. Kd3 Qe3+ 39. Kc4 Qe2+ 40.
Kxc5 Rb5+ 41. Kd6 Rb6+ 42. Kc5 Rb5+ 43. Kd6 Rb6+ 44. Ke7 Qxg2 45. Qc4+ Kb7 46.
Qa4 Qg5+ 47. Kf7 Qf5+ 48. Kg8 Qxd5 49. Qa7+ Kc6 50. Rxb8 Qxe6+ 51. Kh8 Rxb8+
52. Qxb8 Qh6 53. Qe5 g5 54. Qe4+ Kc5 55. Qd4+ Kc6 56. Qe5 Kb6 57. c4 Qf8+ 58.
Kxh7 Qf7+ 59. Kh6 Qxc4 60. Kxg5 Qc1+ 61. Qf4 Qg1+ 62. Kh6 Kc6 63. Qf6+ 1-0

[Event "4NCL/Div1a/CAMB1 vs. BAR1"]
[Site "Sunningdale ENG"]
[Date "2009.01.17"]
[Round "5.3"]
[White "Rajlich, Iweta"]
[Black "Devereaux, Maxim"]
[Result "1/2-1/2"]
[WhiteElo "2399"]
[BlackElo "2437"]
[PlyCount "175"]
[EventDate "2009.01.17"]
[SourceDate "2008.10.04"]

1. d4 Nf6 2. c4 e6 3. Nc3 Bb4 4. Qc2 O-O 5. Nf3 c5 6. dxc5 Na6 7. g3 Nxc5 8.
Bg2 b6 9. O-O Bb7 10. Nb5 Be4 11. Qd1 Nb7 12. Bf4 a6 13. Bc7 Qc8 14. Bd6 Nxd6
15. Nxd6 Bxd6 16. Qxd6 Qc5 17. Qf4 Rac8 18. Rac1 Qb4 19. b3 Qa3 20. Qe3 Rc5 21.
Rfd1 Rfc8 22. Ne1 Bxg2 23. Kxg2 d5 24. Nd3 R5c6 25. Ne5 Rc5 26. Nd3 R5c6 27.
Qd2 h6 28. cxd5 Rxc1 29. Rxc1 Rxc1 30. Qxc1 Qxc1 31. Nxc1 Nxd5 32. Kf3 Kf8 33.
Ke4 Ke7 34. Kd4 Kd6 35. Nd3 f6 36. f4 Ne7 37. Nb4 a5 38. Nc2 b5 39. b4 a4 40.
Na3 Nc6+ 41. Kc3 Na7 42. Kd3 g6 43. Nb1 Nc6 44. a3 Ne7 45. Nc3 Kc6 46. e4 Nc8
47. g4 Nd6 48. h4 Nc4 49. Nxa4 Nxa3 50. Nb2 Kd6 51. h5 gxh5 52. gxh5 Kc6 53.
Nd1 Nc4 54. Nf2 f5 55. exf5 exf5 56. Kd4 Kd6 57. Nh1 Na3 58. Ng3 Nc2+ 59. Kc3
Ne3 60. Kd3 Nd5 61. Nxf5+ Ke6 62. Nd4+ Kf6 63. Ke4 Nxb4 64. Nxb5 Na6 65. Nd6
Nc5+ 66. Kf3 Nd3 67. Ke3 Nc1 68. Nc4 Nb3 69. Ke4 Nc5+ 70. Kf3 Ne6 71. Ne3 Ng7
72. Kg4 Ke6 73. f5+ Ke5 74. Nc4+ Kf6 75. Nd6 Ke7 76. Ne4 Ne8 77. Kf4 Kf7 78.
Kg4 Ke7 79. Kf3 Kf8 80. Kg3 Kf7 81. Nc3 Nf6 82. Kh4 Ke7 83. Nd1 Kd6 84. Ne3 Ke5
85. Ng4+ Kxf5 86. Nxh6+ Ke6 87. Ng4 Nxh5 88. Kxh5 1/2-1/2

[Event "4NCL/Div1a/CAMB1 vs. BAR1"]
[Site "Sunningdale ENG"]
[Date "2009.01.17"]
[Round "5.4"]
[White "Collinson, Adam"]
[Black "Moskovic, David M"]
[Result "1-0"]
[WhiteElo "2389"]
[BlackElo "2307"]
[PlyCount "50"]
[EventDate "2009.01.17"]
[SourceDate "2008.10.04"]

1. e4 c5 2. b3 Nc6 3. Bb2 e5 4. Bc4 d6 5. Ne2 Nf6 6. Nbc3 Be7 7. d3 O-O 8. O-O
Nd4 9. a4 Be6 10. f4 Bxc4 11. bxc4 Ng4 12. Nd5 f5 13. fxe5 dxe5 14. Ng3 Bh4 15.
Nxf5 Nf2 16. Rxf2 Bxf2+ 17. Kxf2 g6 18. Bxd4 exd4 19. Qg4 Kh8 20. Qg3 gxf5 21.
Qe5+ Kg8 22. Ne7+ Kf7 23. Nxf5 Rc8 24. Kg1 Rc7 25. Rf1 Kg6 1-0

[Event "4NCL/Div1a/CAMB1 vs. BAR1"]
[Site "Sunningdale ENG"]
[Date "2009.01.17"]
[Round "5.5"]
[White "Pickard, Charles"]
[Black "Cox, John J"]
[Result "0-1"]
[WhiteElo "2207"]
[BlackElo "2364"]
[PlyCount "48"]
[EventDate "2009.01.17"]
[SourceDate "2008.10.04"]

1. c4 c5 2. Nf3 Nc6 3. d4 cxd4 4. Nxd4 Qb6 5. Nc2 e6 6. Nc3 Nf6 7. e3 Be7 8.
Be2 O-O 9. O-O a6 10. Rb1 d5 11. cxd5 Nxd5 12. Nxd5 exd5 13. b3 Bf6 14. Bb2
Bxb2 15. Rxb2 Rd8 16. Bf3 Bf5 17. Qd2 Be4 18. Qe2 Ne5 19. Nd4 Bd3 20. Qd2 Bxf1
21. Kxf1 Rac8 22. Rc2 Rxc2 23. Qxc2 g6 24. h4 Nc6 0-1

[Event "4NCL/Div1a/CAMB1 vs. BAR1"]
[Site "Sunningdale ENG"]
[Date "2009.01.17"]
[Round "5.6"]
[White "Knott, Simon"]
[Black "Quist, Sven Roy"]
[Result "1/2-1/2"]
[WhiteElo "2349"]
[BlackElo "2136"]
[PlyCount "132"]
[EventDate "2009.01.17"]
[SourceDate "2008.10.04"]

1. Nf3 Nf6 2. c4 c5 3. Nc3 Nc6 4. g3 g6 5. Bg2 Bg7 6. d4 cxd4 7. Nxd4 Nxd4 8.
Qxd4 O-O 9. O-O d6 10. Qd3 Rb8 11. Bd2 Bd7 12. Rac1 Bc6 13. Nd5 Nxd5 14. cxd5
Bd7 15. Qb3 a5 16. Bc3 Bh6 17. e3 b5 18. Bd4 b4 19. Qc2 Rc8 20. Qd2 Rxc1 21.
Rxc1 Qb8 22. h4 Rc8 23. h5 Rc7 24. a3 Rxc1+ 25. Qxc1 Bg7 26. Qd1 Bxd4 27. Qxd4
bxa3 28. bxa3 a4 29. h6 f6 30. Kh2 Kf7 31. Bh3 Bxh3 32. Kxh3 Qb1 33. Kg2 Qc2
34. Qb4 g5 35. Qg4 Kg6 36. Qe6 Qf5 37. Qxe7 Kxh6 38. Qxd6 Qe4+ 39. Kg1 Kg6 40.
Qd8 Qb1+ 41. Kh2 Qf1 42. Qg8+ Kh6 43. Qf8+ Kg6 44. Qe8+ Kh6 45. f4 Qe2+ 46. Kh3
gxf4 47. Qf7 fxe3 48. Qxf6+ Kh5 49. Qf5+ Kh6 50. d6 Qd1 51. Qf6+ Kh5 52. Qe5+
Kg6 53. Qe6+ Kg7 54. Qe7+ Kg6 55. Qe8+ Kg7 56. Qxe3 Qxd6 57. Qa7+ Kg6 58. Qxa4
Qd3 59. Qg4+ Kf6 60. Qf4+ Kg6 61. a4 h5 62. a5 Qa6 63. Qe4+ Kg5 64. Qe5+ Kg6
65. Kh4 Qc4+ 66. Qf4 Qd5 1/2-1/2

[Event "4NCL/Div1a/CAMB1 vs. BAR1"]
[Site "Sunningdale ENG"]
[Date "2009.01.17"]
[Round "5.8"]
[White "Regan, Natasha"]
[Black "Spencer, Carl"]
[Result "0-1"]
[WhiteElo "2186"]
[BlackElo "2134"]
[PlyCount "148"]
[EventDate "2009.01.17"]
[SourceDate "2008.10.04"]

1. e4 e6 2. d4 d5 3. Nc3 Nf6 4. Bg5 Bb4 5. e5 h6 6. Bd2 Bxc3 7. bxc3 Ne4 8. Bd3
Nxd2 9. Qxd2 c5 10. f4 Qa5 11. Nf3 Nc6 12. dxc5 Qxc5 13. Nd4 Bd7 14. Nb3 Qb6
15. a4 Na5 16. Nd4 Rc8 17. O-O O-O 18. Kh1 Nc4 19. Qe2 f5 20. exf6 Rxf6 21. f5
e5 22. Bxc4 Rxc4 23. Qxe5 Qd6 24. Qxd6 Rxd6 25. Nb5 Ra6 26. Rad1 Raxa4 27. Rxd5
Bc6 28. Rd8+ Kh7 29. Nd6 Rg4 30. h3 Rxg2 31. Nf7 Rxc2+ 32. Kg1 Rg2+ 33. Kh1
Rg5+ 34. Kh2 Rg2+ 35. Kh1 Rf2+ 36. Kg1 Rxf1+ 37. Kxf1 Rf4+ 38. Kg1 Rxf5 39.
Rh8+ Kg6 40. Nd8 Rc5 41. Nxc6 Rxc6 42. Rb8 b6 43. Rb7 a5 44. Kf2 Kf6 45. Ke2 g5
46. Kd3 Ke5 47. Re7+ Kf4 48. Kd4 Kg3 49. Re3+ Kh4 50. c4 h5 51. Kd5 Rc5+ 52.
Kd4 g4 53. hxg4 hxg4 54. Re6 g3 55. Rxb6 Rg5 56. Rh6+ Kg4 57. Ke3 Re5+ 58. Kd4
Re1 59. Rg6+ Kf3 60. Rf6+ Ke2 61. Rg6 Kf2 62. Rf6+ Kg1 63. Ra6 Ra1 64. c5 g2
65. Kd3 a4 66. c6 Kf2 67. c7 g1=Q 68. Rf6+ Ke1 69. Re6+ Kd1 70. c8=Q Ra3+ 71.
Kc4 Qf1+ 72. Kd5 Rd3+ 73. Ke4 Qf3+ 74. Ke5 Rd5# 0-1

[Event "4NCL/Div1a/WGHK1 vs. SWD1"]
[Site "Sunningdale ENG"]
[Date "2009.01.17"]
[Round "5.1"]
[White "Gordon, Stephen J"]
[Black "Cobb, James E"]
[Result "1-0"]
[WhiteElo "2524"]
[BlackElo "2440"]
[PlyCount "61"]
[EventDate "2009.01.17"]
[SourceDate "2008.10.04"]

1. d4 Nf6 2. c4 e6 3. Nf3 c5 4. d5 a6 5. Nc3 b5 6. Bg5 b4 7. Ne4 d6 8. Bxf6
gxf6 9. Ng3 Nd7 10. e4 Ra7 11. Be2 Ne5 12. O-O Bh6 13. a3 bxa3 14. Rxa3 Ng6 15.
b4 cxb4 16. Qa4+ Rd7 17. Qxb4 O-O 18. Nd4 Nf4 19. Nh5 Rb7 20. Qc3 e5 21. Nxf4
exd4 22. Qf3 f5 23. Nh5 Qg5 24. exf5 Bxf5 25. h4 Qg6 26. Bd3 Bxd3 27. Rxd3 Bg7
28. Qd1 f5 29. Rg3 Qh6 30. Re1 f4 31. Rg5 1-0

[Event "4NCL/Div1a/WGHK1 vs. SWD1"]
[Site "Sunningdale ENG"]
[Date "2009.01.17"]
[Round "5.2"]
[White "Cooper, John G"]
[Black "Greet, Andrew N"]
[Result "0-1"]
[WhiteElo "2362"]
[BlackElo "2446"]
[PlyCount "70"]
[EventDate "2009.01.17"]
[SourceDate "2008.10.04"]

1. c4 e5 2. g3 d6 3. Bg2 f5 4. Nc3 Nf6 5. d4 Be7 6. Nh3 O-O 7. O-O Qe8 8. dxe5
dxe5 9. Nd5 Bd8 10. Bg5 Kh8 11. Bxf6 gxf6 12. e3 c6 13. Nb4 Be6 14. Rc1 Qf7 15.
b3 Be7 16. c5 Rd8 17. Qe2 a5 18. Nd3 a4 19. Rc3 axb3 20. axb3 Na6 21. b4 Nc7
22. Rd1 Nb5 23. Rcc1 Ra2 24. Qf1 Bb3 25. Nxe5 fxe5 26. Rxd8+ Bxd8 27. Qd3 Be7
28. Qd7 Ra7 29. Bf1 Be6 30. Qd1 Bd5 31. Ra1 Rxa1 32. Qxa1 Bf6 33. Qa8+ Kg7 34.
Qc8 Be6 35. Qb8 Qc7 0-1

[Event "4NCL/Div1a/WGHK1 vs. SWD1"]
[Site "Sunningdale ENG"]
[Date "2009.01.17"]
[Round "5.3"]
[White "Trent, Lawrence"]
[Black "Morris, Charles F"]
[Result "1-0"]
[WhiteElo "2487"]
[BlackElo "2189"]
[PlyCount "87"]
[EventDate "2009.01.17"]
[SourceDate "2008.10.04"]

1. e4 e6 2. d4 d5 3. Nd2 Nf6 4. e5 Nfd7 5. Bd3 c5 6. c3 Nc6 7. Ne2 cxd4 8. cxd4
f6 9. exf6 Nxf6 10. O-O Bd6 11. Nf3 O-O 12. Bf4 Bxf4 13. Nxf4 Qd6 14. g3 Ne4
15. Re1 Rxf4 16. gxf4 Qxf4 17. Bxe4 dxe4 18. Ne5 Bd7 19. Nxd7 Rd8 20. Qh5 Nxd4
21. Re3 g6 22. Qe5 Qg4+ 23. Rg3 Qxg3+ 24. hxg3 Nf3+ 25. Kf1 Nxe5 26. Nxe5 e3
27. fxe3 Rd2 28. b3 Kg7 29. Nf3 Rb2 30. Rc1 Kf6 31. Rc7 h5 32. Rxb7 Rxa2 33.
Rb4 g5 34. Rb5 g4 35. Ng5 e5 36. Ne4+ Kf5 37. Nd6+ Kf6 38. Nc4 Rc2 39. Rc5 Rc3
40. b4 e4 41. Ke2 Rc2+ 42. Nd2 Rb2 43. Rxh5 Rxb4 44. Ra5 1-0

[Event "4NCL/Div1a/WGHK1 vs. SWD1"]
[Site "Sunningdale ENG"]
[Date "2009.01.17"]
[Round "5.4"]
[White "Zeidler, Sven P"]
[Black "Arakhamia-Grant, Ketevan"]
[Result "0-1"]
[WhiteElo "2231"]
[BlackElo "2500"]
[PlyCount "54"]
[EventDate "2009.01.17"]
[SourceDate "2008.10.04"]

1. e4 c5 2. Nc3 e6 3. f4 a6 4. g3 b5 5. Bg2 Bb7 6. Qe2 Nc6 7. d3 Nd4 8. Qf2 b4
9. Nd1 Qa5 10. Ne3 b3+ 11. Qd2 Qxd2+ 12. Bxd2 bxc2 13. Ne2 Nxe2 14. Kxe2 Ne7
15. Rhe1 Nc6 16. Nxc2 a5 17. e5 Be7 18. Kf2 O-O 19. Red1 f6 20. Kg1 fxe5 21.
fxe5 Rab8 22. Bc3 Bg5 23. b3 Nb4 24. Nxb4 Be3+ 25. Kh1 cxb4 26. Re1 Bxg2+ 27.
Kxg2 Bb6 0-1

[Event "4NCL/Div1a/WGHK1 vs. SWD1"]
[Site "Sunningdale ENG"]
[Date "2009.01.17"]
[Round "5.5"]
[White "Hanley, Craig A"]
[Black "O'Neill, Paul"]
[Result "1-0"]
[WhiteElo "2439"]
[BlackElo "2204"]
[PlyCount "80"]
[EventDate "2009.01.17"]
[SourceDate "2008.10.04"]

1. e4 c5 2. Nf3 d6 3. Nc3 Nf6 4. e5 dxe5 5. Nxe5 e6 6. Be2 Qc7 7. Nc4 Bd7 8.
O-O Be7 9. a4 a6 10. Re1 O-O 11. d3 Nc6 12. a5 Nd4 13. Bf1 Bc6 14. Bg5 Nd5 15.
Nxd5 Bxd5 16. Bxe7 Qxe7 17. Ne3 Bc6 18. c3 Nb5 19. Qh5 Nc7 20. Nf5 Qf6 21. Ng3
Nd5 22. Ne4 Qe7 23. Rad1 Ba4 24. Ra1 Bd7 25. c4 Nb4 26. Qxc5 Qxc5 27. Nxc5 Bc6
28. Rac1 Rfd8 29. Rc3 Rac8 30. Rb3 Nc2 31. Re5 Nd4 32. Rb6 Rc7 33. f4 Rdc8 34.
Kf2 Rd8 35. b4 Kf8 36. Ke3 Nf5+ 37. Kd2 Nd6 38. Kc3 Nc8 39. Rxe6 Nxb6 40. axb6
Re7 1-0

[Event "4NCL/Div1a/WGHK1 vs. SWD1"]
[Site "Sunningdale ENG"]
[Date "2009.01.17"]
[Round "5.6"]
[White "Smith, Jeffrey R"]
[Black "Karim, Ismail"]
[Result "0-1"]
[WhiteElo "2209"]
[BlackElo "2407"]
[PlyCount "60"]
[EventDate "2009.01.17"]
[SourceDate "2008.10.04"]

1. e4 e5 2. Nc3 Nf6 3. f4 d5 4. fxe5 Nxe4 5. Nf3 Bg4 6. d3 Nc5 7. Be2 Nc6 8.
Bf4 Ne6 9. Bg3 Bc5 10. Qd2 Qd7 11. Ng5 Bxe2 12. Nxe2 Nxg5 13. Qxg5 O-O 14. Qd2
Qg4 15. h3 Qg6 16. O-O-O d4 17. Kb1 Qe6 18. Nf4 Qxe5 19. Rde1 Qg5 20. Qf2 Bd6
21. Rhf1 Qb5 22. Ne2 Bb4 23. Rd1 Ba3 24. b3 Rae8 25. Bf4 Qc5 26. Bc1 Bxc1 27.
Nxc1 Nb4 28. Rde1 Re3 29. Rxe3 dxe3 30. Qf3 Qxc2+ 0-1

[Event "4NCL/Div1a/WGHK1 vs. SWD1"]
[Site "Sunningdale ENG"]
[Date "2009.01.17"]
[Round "5.8"]
[White "Blackburn, Suzie"]
[Black "Tiller, Bjorn"]
[Result "0-1"]
[WhiteElo "1891"]
[BlackElo "2370"]
[PlyCount "51"]
[EventDate "2009.01.17"]
[SourceDate "2008.10.04"]

1. d4 b5 2. Nf3 Bb7 3. Bg5 Nf6 4. Nbd2 d6 5. e3 a6 6. c4 bxc4 7. Nxc4 a5 8. Bd3
Nbd7 9. O-O e6 10. Re1 Be7 11. Rc1 O-O 12. Bc2 c5 13. e4 cxd4 14. Nxd4 Nc5 15.
f3 d5 16. exd5 Nxd5 17. Bxe7 Qxe7 18. Qd2 a4 19. Nf5 Qf6 20. Nfd6 Ba6 21. Ne5
Qf4 22. Qxf4 Nxf4 23. Rcd1 f6 24. Nc6 e5 25. Re3 g6 26. Rc3 0-1

[Event "4NCL/Div1a/WRO1 vs. RIC"]
[Site "Sunningdale ENG"]
[Date "2009.01.17"]
[Round "5.1"]
[White "McNab, Colin"]
[Black "Bates, Richard A"]
[Result "1-0"]
[WhiteElo "2473"]
[BlackElo "2392"]
[PlyCount "91"]
[EventDate "2009.01.17"]
[SourceDate "2008.10.04"]

1. Nf3 Nf6 2. c4 g6 3. g3 Bg7 4. Bg2 O-O 5. O-O c6 6. d4 d5 7. b3 Ne4 8. Bb2 a5
9. e3 a4 10. Nfd2 Nxd2 11. Qxd2 axb3 12. axb3 Rxa1 13. Bxa1 dxc4 14. bxc4 c5
15. Na3 cxd4 16. exd4 e5 17. d5 Nc6 18. Nb5 Na5 19. Qb4 b6 20. Nd6 Ba6 21. Rb1
Qa8 22. Bf1 Rb8 23. Re1 f6 24. f4 exf4 25. gxf4 Qa7 26. Bh3 f5 27. Nxf5 gxf5
28. Re7 Rb7 29. Re8+ Kf7 30. Bxg7 b5+ 31. Kg2 Re7 32. Rxe7+ Qxe7 33. Qxe7+ Kxe7
34. cxb5 Bxb5 35. Bxf5 Bc4 36. Be6 Nb7 37. f5 Nd6 38. f6+ Ke8 39. Kf3 Bd3 40.
Ke3 Bg6 41. Kd4 Bf7 42. Kc5 Ne4+ 43. Kc6 Ng5 44. Kd6 Bg6 45. Kc7 h5 46. h4 1-0

[Event "4NCL/Div1a/WRO1 vs. RIC"]
[Site "Sunningdale ENG"]
[Date "2009.01.17"]
[Round "5.3"]
[White "Van de Griendt, Jan W"]
[Black "Bisby, Daniel L"]
[Result "1-0"]
[WhiteElo "2355"]
[BlackElo "2304"]
[PlyCount "125"]
[EventDate "2009.01.17"]
[SourceDate "2008.10.04"]

1. d4 e6 2. e4 d5 3. Nd2 Nf6 4. e5 Nfd7 5. f4 c5 6. c3 Nc6 7. Ndf3 cxd4 8. cxd4
a5 9. Bd3 a4 10. Ne2 Bb4+ 11. Kf2 a3 12. b3 f5 13. Be3 O-O 14. Rc1 Be7 15. Bb1
Ndb8 16. Rg1 Bd7 17. g4 Nb4 18. gxf5 exf5 19. Rg2 Ra6 20. Qd2 Rc6 21. Rcg1 g6
22. Rh1 Bh4+ 23. Ng3 N8a6 24. Rgg1 Kh8 25. Kg2 Be7 26. h4 Qc8 27. Rc1 Rxc1 28.
Rxc1 Bc6 29. Kf2 Qd8 30. Rh1 Be8 31. h5 Bf7 32. e6 Be8 33. hxg6 Bxg6 34. Ne5
Kg7 35. Nh5+ Kh8 36. Kf3 Bh4 37. Ng3 Kg7 38. Qh2 Bxg3 39. Qh6+ Kf6 40. Kxg3
Kxe6 41. Nxg6 hxg6 42. Qxg6+ Rf6 43. Bxf5+ Kd6 44. Qg5 Qe7 45. Bc1 Nxa2 46.
Bxa3+ N6b4 47. Bg4 Kc6 48. Qe5 Qf7 49. Rh7 Qxh7 50. Qxf6+ Kb5 51. Be2+ Nd3 52.
f5 Qc7+ 53. Qe5 Qc3 54. Qxd5+ Kb6 55. Bxd3 Qxd3+ 56. Qf3 Qxd4 57. Qf2 Qxf2+ 58.
Kxf2 Nc3 59. Kf3 Nd5 60. Ke4 Nf6+ 61. Ke5 Ng4+ 62. Ke6 Kc6 63. Be7 1-0

[Event "4NCL/Div1a/WRO1 vs. RIC"]
[Site "Sunningdale ENG"]
[Date "2009.01.17"]
[Round "5.4"]
[White "Franklin, Michael J"]
[Black "Gourlay, Iain"]
[Result "1/2-1/2"]
[WhiteElo "2226"]
[BlackElo "2362"]
[PlyCount "74"]
[EventDate "2009.01.17"]
[SourceDate "2008.10.04"]

1. d4 Nf6 2. Nf3 g6 3. Bf4 Bg7 4. e3 d6 5. Nbd2 Nbd7 6. Bc4 h6 7. h3 b6 8. O-O
Bb7 9. Re1 O-O 10. c3 c5 11. a4 a6 12. Bh2 Qc7 13. Qe2 e5 14. dxe5 Nxe5 15.
Nxe5 dxe5 16. e4 Rfd8 17. f3 Nh5 18. Red1 Nf4 19. Qf1 Rd7 20. g3 Rad8 21. gxf4
Rxd2 22. Rxd2 Rxd2 23. Qc1 Qd8 24. Bd5 Rxd5 25. exd5 Qxd5 26. Qd1 Qe6 27. fxe5
Qxh3 28. Qf1 Qf5 29. Re1 c4 30. Bg3 Bf8 31. Kh2 Bc5 32. e6 fxe6 33. Qxc4 Qh5+
34. Bh4 Bd6+ 35. Kg1 Bc5+ 36. Kh2 Bd6+ 37. Kg1 Bc5+ 1/2-1/2

[Event "4NCL/Div1a/WRO1 vs. RIC"]
[Site "Sunningdale ENG"]
[Date "2009.01.17"]
[Round "5.5"]
[White "Barrett, Steve J"]
[Black "Osborne, Marcus E"]
[Result "0-1"]
[WhiteElo "2234"]
[BlackElo "2192"]
[PlyCount "66"]
[EventDate "2009.01.17"]
[SourceDate "2008.10.04"]

1. d4 Nf6 2. c4 e6 3. Nc3 Bb4 4. Qc2 Nc6 5. Nf3 d6 6. Bg5 h6 7. Bd2 O-O 8. a3
Bxc3 9. Bxc3 Qe7 10. e4 e5 11. d5 Nb8 12. Be2 c6 13. O-O cxd5 14. exd5 Nbd7 15.
Rae1 b5 16. Nh4 Nb6 17. f4 e4 18. c5 dxc5 19. Bxb5 Nfxd5 20. g3 Nxc3 21. Qxc3
c4 22. Qd4 Rd8 23. Rxe4 Qf8 24. Qxd8 Qxd8 25. Re8+ Qxe8 26. Bxe8 Bb7 27. Re1
Kf8 28. Nf5 Rxe8 29. Rxe8+ Kxe8 30. Nd6+ Kd7 31. Nxb7 Na4 32. Kf2 Kc7 33. Na5
Nxb2 0-1

[Event "4NCL/Div1a/WRO1 vs. RIC"]
[Site "Sunningdale ENG"]
[Date "2009.01.17"]
[Round "5.6"]
[White "Muter, Donny"]
[Black "Gayson, Peter M"]
[Result "1/2-1/2"]
[WhiteElo "2207"]
[BlackElo "2258"]
[PlyCount "95"]
[EventDate "2009.01.17"]
[SourceDate "2008.10.04"]

1. d4 f5 2. Bg5 g6 3. h4 Bg7 4. e3 h6 5. Bf4 Nf6 6. c4 d6 7. Nc3 O-O 8. Qd2 Nc6
9. Nf3 Ne4 10. Nxe4 fxe4 11. Ng1 e5 12. dxe5 dxe5 13. Bg3 Qe7 14. a3 Be6 15.
Qc2 Rad8 16. Ne2 Na5 17. Nc3 Nxc4 18. Nxe4 Nd6 19. Bd3 Nf5 20. Bc4 Kh8 21. Bxe6
Qxe6 22. O-O Nd6 23. Rac1 c6 24. Nc5 Qf7 25. Rfd1 Nf5 26. Ne4 Rd5 27. Nc3 Rxd1+
28. Rxd1 Nxg3 29. fxg3 e4 30. Nxe4 Qf5 31. Rd2 Re8 32. Nd6 Qxc2 33. Rxc2 Rxe3
34. Nxb7 Rb3 35. Na5 Rxb2 36. Rxc6 Bd4+ 37. Kh2 Kg7 38. Rc4 Bb6 39. Nc6 Rb3 40.
a4 h5 41. Nd4 Re3 42. Nf3 Ra3 43. Kh3 Ra1 44. Kh2 Kf6 45. Rf4+ Ke6 46. Ng5+ Kd5
47. Nf3 Ke6 48. Ng5+ 1/2-1/2